[Event "POLFINAL MISTRZOSTW POLSKI JUNIOROW 2019 - C17"]
[Site "Ustron"]
[Date "1899-12-30"]
[Round "4.19"]
[White "Kocierz, Pawel"]
[Black "Kucza, Arkadiusz"]
[Result "1-0"]
[WhiteTitle "II"]
[BlackTitle "II"]
[WhiteElo "1350"]
[BlackElo "1384"]

1. Nf3 Nf6 2. g3 g6 3. Bg2 Bg7 4. O-O O-O 5. c4 d6 6. d4 Nbd7 7. Nc3 c6 8. e4 e5
9. Bg5 h6 10. Bxf6 Qxf6 11. d5 Nb6 12. Nd2 Qe7 13. b4 Bd7 14. Qb3 Rfc8 15. a4
Be8 16. a5 Nd7 17. a6 Rab8 18. axb7 Rxb7 19. dxc6 Rxc6 20. Nd5 Qd8 21. Qe3 Nb6
22. Rfc1 f5 23. exf5 gxf5 24. Nxb6 Rbxb6 25. Bxc6 Bxc6 26. b5 Ba8 27. Rxa7 Rb8
28. Rca1 f4 29. gxf4 exf4 30. Qe6+ Kh8 31. Qg6 Qg8 32. Kf1 Bb7 33. Re1 Qc8 34.
Rxb7 Qxb7 35. Re8+ Rxe8 36. Qxe8+ Kh7 37. Qe4+ Qxe4 38. Nxe4 Be5 39. b6 Kg6 40.
b7 d5 41. cxd5 Kf7 42. d6 1-0

[Event "POLFINAL MISTRZOSTW POLSKI JUNIOROW 2019 - C17"]
[Site "Ustron"]
[Date "1899-12-30"]
[Round "4.20"]
[White "Bienias, Michal"]
[Black "Gazda, Dominik"]
[Result "0-1"]
[WhiteTitle "III"]
[BlackTitle "I"]
[WhiteElo "1285"]
[BlackElo "1640"]

1. e4 e5 2. Nf3 Nc6 3. d4 exd4 4. Nxd4 Bc5 5. Be3 Qf6 6. c3 Nge7 7. f4 O-O 8. e5
Nxe5 9. fxe5 Qxe5 10. Qf3 Nd5 11. Kf2 Re8 12. Bd3 Nxe3 13. Nd2 Ng4+ 14. Kf1 Nxh2+
15. Rxh2 Qxh2 16. Kf2 Qh4+ 17. Kg1 Bxd4+ 18. cxd4 Qxd4+ 19. Kf1 Re3 0-1

[Event "POLFINAL MISTRZOSTW POLSKI JUNIOROW 2019 - C17"]
[Site "Ustron"]
[Date "1899-12-30"]
[Round "4.21"]
[White "Karas, Kacper"]
[Black "Rudzinski, Damian"]
[Result "1-0"]
[WhiteTitle "II"]
[BlackTitle "II"]
[WhiteElo "1133"]
[BlackElo "1015"]

1. e4 d6 2. d4 Nf6 3. Nc3 g6 4. Bg5 Bg7 5. Qd2 h6 6. Be3 Ng4 7. Bc4 Nxe3 8. Qxe3
Nd7 9. O-O-O c6 10. Bb3 O-O 11. f4 b5 12. f5 Kh7 13. g4 a5 14. a4 Rb8 15. g5 bxa4
16. Nxa4 Rb4 17. Ne2 Nb6 18. fxg6+ fxg6 19. Nec3 h5 20. e5 Bg4 21. Rdf1 Nc4 22.
Bxc4 Rxc4 23. Qd3 Rb4 24. Rxf8 Qxf8 25. Rf1 Bf5 26. Qa6 Rxd4 27. exd6 Rxd6 28.
Nc5 e5 29. N3e4 Rd4 30. Ne6 Qe7 31. Nxd4 exd4 32. Nf6+ Bxf6 33. gxf6 Qxf6 34.
Qxa5 Qg5+ 35. Qd2 Qf6 36. c3 dxc3 37. Qxc3 Qxc3+ 38. bxc3 Be4 39. h4 Kh6 40. Rf6
Kg7 41. Rd6 Bd5 42. Kd2 Bh1 43. Ke3 Kf7 44. Kf4 Bg2 45. Ke5 Bh1 46. Rd7+ Kg8 47.
Kf6 Be4 48. Rd8+ Kh7 49. Rd7+ Kg8 50. Rd8+ Kh7 51. c4 Bf3 52. Re8 Bh1 53. Re7+
Kg8 54. Rg7+ Kf8 55. Kxg6 Be4+ 56. Kf6 Bd3 57. Rc7 1-0

[Event "POLFINAL MISTRZOSTW POLSKI JUNIOROW 2019 - C17"]
[Site "Ustron"]
[Date "1899-12-30"]
[Round "5.1"]
[White "Kulesza, Andrzej"]
[Black "Zerebiec, Maurycy"]
[Result "0-1"]
[WhiteTitle "I+"]
[BlackTitle "I"]
[WhiteElo "1971"]
[BlackElo "1825"]

1. e4 e6 2. d4 d5 3. Nd2 dxe4 4. Nxe4 Nd7 5. Bd3 Ngf6 6. f3 Be7 7. Ne2 b6 8. c3
Bb7 9. N2g3 Rc8 10. Nxf6+ Nxf6 11. Bg5 O-O 12. Qc2 h6 13. Bxf6 Bxf6 14. O-O c5
15. dxc5 Rxc5 16. Ne4 Bxe4 17. Bxe4 Qe7 18. Rad1 Rcc8 19. Qe2 Rfd8 20. Bd3 Rd6
21. Qe4 g6 22. Be2 Rcd8 23. Rxd6 Qxd6 24. Rd1 Qc5+ 25. Kf1 Rxd1+ 26. Bxd1 Qd6
27. Bb3 Qxh2 28. f4 Bh4 29. Ke2 Qg1 30. Qf3 Qe1+ 31. Kd3 Qg3 32. Qxg3 Bxg3 33.
Ke3 g5 34. fxg5 hxg5 35. Bc4 Bf4+ 36. Kd4 Kf8 37. b4 Ke7 38. Bd3 Bd2 39. g4 Kd6
40. Be4 Be1 41. Bh7 a5 42. bxa5 bxa5 43. a4 Bd2 44. c4 Bb4 45. Ke4 Bc5 46. Bg8
Ke7 47. Ke5 Bd6+ 48. Kd4 f5 49. c5 Bc7 50. Ke3 Kf6 51. Kd4 Ke7 52. Ke3 Bb8 53.
Kd4 Kf6 54. Ke3 fxg4 55. c6 Ke5 56. Bf7 Ba7+ 57. Ke2 Bb6 58. Kf1 Kf5 59. Kg2 e5
60. Kg3 e4 61. Bb3 Bc7+ 62. Kf2 Kf4 63. Bd5 Bb6+ 64. Kg2 Bd8 65. Be6 Bc7 66. Bb3
Ke3 67. Bd1 g3 68. Bc2 Kd4 69. Kf1 Kc3 70. Bxe4 Kb3 71. Ke2 Kxa4 72. Kd2 Kb4 73.
Kc2 Kc4 74. Bh1 Kd4 75. Kb3 Ke3 76. Ka4 Kf2 77. Kb5 g2 0-1

[Event "POLFINAL MISTRZOSTW POLSKI JUNIOROW 2019 - C17"]
[Site "Ustron"]
[Date "1899-12-30"]
[Round "5.2"]
[White "Distel, Pawel"]
[Black "Cisek, Kamil"]
[Result "1-0"]
[WhiteTitle "I"]
[BlackTitle "I+"]
[WhiteElo "1809"]
[BlackElo "1963"]

1. e4 e5 2. f4 exf4 3. Bc4 d6 4. Nc3 Nf6 5. d4 Be6 6. Qe2 Bxc4 7. Qxc4 Nbd7 8.
Nf3 Nb6 9. Qe2 Be7 10. Bxf4 O-O 11. O-O-O Re8 12. a3 d5 13. e5 Nc4 14. Qd3 Nh5
15. Be3 g6 16. g4 Ng7 17. Nd2 Nxe3 18. Qxe3 Bg5 19. Qf3 c6 20. Kb1 Bxd2 21. Rxd2
b5 22. Rf1 Rf8 23. Qf6 Qxf6 24. Rxf6 Ne6 25. h4 a5 26. Ne2 Rfc8 27. Nf4 Nxf4 28.
Rxf4 c5 29. dxc5 Rxc5 30. b4 axb4 31. axb4 Rc4 32. Rxc4 dxc4 33. Rd5 Rb8 34. Kb2
Kf8 35. Kc3 Ke7 36. Kd4 f6 37. exf6+ Kxf6 38. Rd6+ Ke7 39. Kc5 Rf8 40. Rc6 Rf2
41. Kxb5 Rxc2 42. Rxc4 Rg2 43. Kb6 Kd6 44. h5 gxh5 45. gxh5 Rh2 46. Rc6+ Kd5 47.
b5 Re2 48. Kb7 Re7+ 49. Rc7 Re6 50. b6 h6 51. Ka7 Re2 52. Kb7 Re5 53. Rd7+ Kc5
54. Kc7 Re6 55. b7 Rc6+ 56. Kd8 Rb6 57. Kc8 Kc6 58. Rc7+ Kd5 1-0

[Event "POLFINAL MISTRZOSTW POLSKI JUNIOROW 2019 - C17"]
[Site "Ustron"]
[Date "1899-12-30"]
[Round "5.3"]
[White "Pytel, Maciej"]
[Black "Ossolinski, Ziemowit"]
[Result "1-0"]
[WhiteTitle "k"]
[BlackTitle "I+"]
[WhiteElo "1949"]
[BlackElo "1765"]

1. f4 d5 2. Nf3 g6 3. g3 Bg7 4. Bg2 Nf6 5. O-O O-O 6. d3 c5 7. Qe1 d4 8. Na3 Nc6
9. Nc4 Be6 10. Nfe5 Nxe5 11. Nxe5 Qc7 12. c4 Ng4 13. Nf3 Rab8 14. h3 Nh6 15. g4
f5 16. g5 Nf7 17. b4 b6 18. Rb1 Bd7 19. e3 Bc6 20. exd4 Bxf3 21. Bxf3 Bxd4+ 22.
Kg2 e5 23. Bd5 Kg7 24. h4 Rbd8 25. Qd1 Rfe8 26. bxc5 Qxc5 27. Rb5 Qc7 28. h5 a6
29. Rb3 Qe7 30. Re1 Qc7 31. Qf3 Re7 32. Ba3 Ree8 33. Qe2 e4 34. Bb2 Qc5 35. dxe4
Rxd5 36. cxd5 Rxe4 37. Qf2 Qxd5 38. Rxe4 Qxe4+ 39. Rf3 Bxb2 40. Qxb2+ Kf8 41.
hxg6 hxg6 42. Qxb6 Nxg5 43. Qd8+ Kf7 44. Qxg5 1-0

[Event "POLFINAL MISTRZOSTW POLSKI JUNIOROW 2019 - C17"]
[Site "Ustron"]
[Date "1899-12-30"]
[Round "5.4"]
[White "Namyslak, Piotr"]
[Black "Zareba, Maciej"]
[Result "0-1"]
[WhiteTitle "I"]
[BlackTitle "I"]
[WhiteElo "1725"]
[BlackElo "1796"]

1. c4 e5 2. Nc3 Nc6 3. g3 g6 4. e4 Bg7 5. Bg2 d6 6. Nge2 Nge7 7. d3 h6 8. Nd5 Be6
9. Bd2 f5 10. Qb3 Rb8 11. Rb1 O-O 12. O-O Qd7 13. f3 g5 14. f4 fxe4 15. dxe4 Bg4
16. Bf3 Bxf3 17. Qxf3 exf4 18. gxf4 Ne5 19. Qg2 Nxc4 20. Ng3 Nxd5 21. exd5 Nxd2
22. Qxd2 gxf4 23. Rxf4 Rxf4 24. Qxf4 Rf8 25. Qe4 Qe8 26. Qd3 Qe5 27. Rd1 Qxb2
28. Rd2 Qf6 29. Qe2 Qf3 30. Qe6+ Kh8 31. Qe7 Be5 32. Qh4 0-1

[Event "POLFINAL MISTRZOSTW POLSKI JUNIOROW 2019 - C17"]
[Site "Ustron"]
[Date "1899-12-30"]
[Round "5.5"]
[White "Maciejewski, Kamil"]
[Black "Marciniak, Leonard"]
[Result "1-0"]
[WhiteTitle "I+"]
[BlackTitle "I+"]
[WhiteElo "2007"]
[BlackElo "1634"]

1. Nf3 d5 2. g3 c6 3. Bg2 g6 4. O-O Bg7 5. d4 Nf6 6. b3 O-O 7. Bb2 Bg4 8. Nbd2
Bxf3 9. Bxf3 Nbd7 10. c4 Re8 11. e4 dxe4 12. Nxe4 Nxe4 13. Bxe4 e5 14. d5 c5 15.
d6 Rb8 16. Bg2 f5 17. Bxb7 Qb6 18. Bg2 e4 19. Bxg7 Kxg7 20. f3 e3 21. Re1 Re6
22. Qd3 Rbe8 23. Rad1 e2 24. Rd2 Re3 25. Qc2 R8e6 26. Rdxe2 Rxe2 27. Rxe2 Rxe2
28. Qxe2 Qxd6 29. f4 Nf6 30. h3 Qd4+ 31. Kh2 Ne4 32. Bxe4 fxe4 33. Kg2 Kf6 34.
g4 h6 35. h4 h5 36. gxh5 gxh5 37. Kf1 Kf5 38. Qxh5+ Kxf4 39. Qg5+ Kf3 40. Qg2+
Ke3 41. Qe2+ Kf4 42. Qf2+ Kg4 43. Qxd4 cxd4 44. c5 Kf3 45. c6 d3 46. Ke1 e3 47.
c7 d2+ 48. Kd1 e2+ 49. Kxd2 Kf2 50. c8=Q e1=Q+ 51. Kc2 Qe4+ 52. Kb2 Qd4+ 53. Qc3
Qxh4 54. Qc5+ Ke1 55. Qxa7 Qh8+ 56. Ka3 Kd2 57. Qa5+ Kc2 58. Qf5+ Kc3 59. Qc5+
Kd3 60. Qc4+ Kd2 61. b4 Qa8+ 62. Kb2 Qh8+ 63. Kb3 Qh3+ 64. Ka4 Qd7+ 65. b5 Qa7+
66. Kb4 Qe7+ 67. Kb3 Qe3+ 68. Kb4 Qe7+ 69. Qc5 Qe4+ 70. Kb3 Qd3+ 71. Kb2 Qd8 72.
Qc3+ Kd1 73. b6 Qxb6+ 74. Qb3+ Qxb3+ 75. Kxb3 Kd2 76. a4 Kd3 77. a5 Kd4 78. a6
1-0

[Event "POLFINAL MISTRZOSTW POLSKI JUNIOROW 2019 - C17"]
[Site "Ustron"]
[Date "1899-12-30"]
[Round "5.6"]
[White "Kukorowski, Jan"]
[Black "Grochol, Kamil"]
[Result "0-1"]
[WhiteTitle "I+"]
[BlackTitle "I"]
[WhiteElo "1837"]
[BlackElo "1896"]

1. e4 e5 2. Nf3 Nc6 3. Bc4 Bc5 4. c3 Nf6 5. d3 d6 6. O-O a6 7. Bb3 Ba7 8. Nbd2
h6 9. h3 g5 10. Nh2 g4 11. Nxg4 Nxg4 12. hxg4 Rg8 13. Qf3 Qe7 14. g5 Rxg5 15.
Nc4 Rg6 16. Ne3 Bxe3 17. fxe3 Be6 18. Bxe6 fxe6 19. d4 O-O-O 20. d5 Nb8 21. Bd2
Rdg8 22. Rf2 Rg3 23. Qh5 Qg7 24. Qe2 Nd7 25. Be1 Nf6 26. Qc2 exd5 27. Re2 Rg4
28. exd5 Nxd5 29. g3 Rxg3+ 30. Bxg3 Qxg3+ 31. Rg2 Nxe3 32. Rxg3 Rxg3+ 33. Kh2
Nxc2 34. Rc1 Rg6 35. Rxc2 d5 36. Kh3 e4 37. Re2 Kd7 38. Kh4 Kd6 39. Kh5 Re6 40.
Kg4 e3 41. b4 d4 42. cxd4 Kd5 43. Kf5 Re8 0-1

[Event "POLFINAL MISTRZOSTW POLSKI JUNIOROW 2019 - C17"]
[Site "Ustron"]
[Date "1899-12-30"]
[Round "5.7"]
[White "Iwanczuk, Krzysztof"]
[Black "Sandomierski, Cyprian"]
[Result "1-0"]
[WhiteTitle "I"]
[BlackTitle "I"]
[WhiteElo "1857"]
[BlackElo "1645"]

1. a3 g6 2. e4 d5 3. exd5 Qxd5 4. Nc3 Qd6 5. Bc4 Nd7 6. d4 c6 7. Nf3 Bg7 8. Ne4
Qc7 9. Bxf7+ Kf8 10. Ba2 Ngf6 11. Neg5 Nb6 12. Ne5 Nbd5 13. c4 Nb6 14. Bf4 1-0

[Event "POLFINAL MISTRZOSTW POLSKI JUNIOROW 2019 - C17"]
[Site "Ustron"]
[Date "1899-12-30"]
[Round "5.8"]
[White "Bujalski, Mateusz"]
[Black "Michalowski, Patryk"]
[Result "0-1"]
[WhiteTitle "I"]
[BlackTitle "I"]
[WhiteElo "1650"]
[BlackElo "1769"]

1. e4 c5 2. Nc3 Nc6 3. f4 g6 4. Nf3 Bg7 5. Bc4 e6 6. O-O Nge7 7. d3 O-O 8. Bb3
Na5 9. Be3 Nxb3 10. axb3 d6 11. d4 cxd4 12. Nxd4 a6 13. Ndb5 d5 14. exd5 exd5
15. Bc5 Be6 16. Nd4 Qc7 17. b4 b6 18. Bxe7 Qxe7 19. Nxe6 fxe6 20. Qe2 Rae8 21.
Ra4 Qd6 22. b5 Qc5+ 23. Kh1 Bxc3 24. bxc3 Qxb5 25. Qxb5 axb5 26. Rb4 Rc8 27. Rf3
Rc4 28. g3 Rc5 29. Re3 Kf7 30. Rb3 Ra8 31. Kg2 Ra2 32. Re2 b4 33. Rxb4 Rxc3 34.
Rxb6 Rcxc2 35. Rb7+ Kf6 36. Rxc2 Rxc2+ 37. Kf3 Rxh2 38. g4 g5 39. Kg3 Rh6 40.
Rb6 gxf4+ 41. Kxf4 Rg6 42. Rb7 e5+ 43. Kf3 h6 44. Rb5 d4 45. Rb6+ Kg5 46. Rb5
Re6 47. Ra5 Kh4 48. Rd5 Kh3 49. Ra5 e4+ 50. Kf4 e3 51. Kf3 Kh2 52. Ra1 d3 53.
Rd1 e2 54. Re1 Rf6+ 55. Ke3 Rf1 0-1

[Event "POLFINAL MISTRZOSTW POLSKI JUNIOROW 2019 - C17"]
[Site "Ustron"]
[Date "1899-12-30"]
[Round "5.9"]
[White "Kozlowski, Pawel"]
[Black "Kukula, Karol"]
[Result "1/2-1/2"]
[WhiteTitle "I"]
[BlackTitle "I"]
[WhiteElo "1850"]
[BlackElo "1757"]

1. e4 d5 2. exd5 Qxd5 3. Nc3 Qd8 4. d4 g6 5. Bf4 Nf6 6. Bc4 Bg7 7. Nf3 O-O 8. Qd2
a6 9. Bh6 b5 10. Bd3 Bb7 11. Bxg7 Kxg7 12. Qf4 Nc6 13. h4 Nb4 14. O-O-O Nfd5 15.
Nxd5 Bxd5 16. h5 Qd6 17. Ne5 Qf6 18. Qe3 Rh8 19. Ng4 Nxd3+ 20. Rxd3 Qf5 21. Qh6+
Kg8 22. Rg3 Rd8 23. Ne5 Rd6 24. f4 Be4 25. Rc3 c6 26. Ra3 Rd8 27. g4 Qf6 28. Re1
gxh5 29. Qxf6 exf6 30. Rxe4 fxe5 31. fxe5 hxg4 32. Rxg4+ Kf8 33. Rxa6 h5 34. Rh4
Rh6 35. c3 Ke7 36. Ra7+ Rd7 37. Ra8 Rd5 38. Rb8 Rd7 39. Kc2 f6 40. exf6+ Kxf6
41. Rg8 Rd5 42. Rf4+ Ke7 43. Rg7+ Ke6 44. Rc7 Rd6 45. Rh4 Kf5 46. Rf7+ Rdf6 47.
Rg7 Rfg6 48. Rf7+ Rf6 49. Re7 Re6 50. Rxe6 Kxe6 51. Kd3 Kd5 52. b3 c5 53. c4+
bxc4+ 54. bxc4+ Kd6 55. a4 cxd4 56. Kxd4 Kc6 57. a5 Rh8 58. Kc3 Kc5 59. Kb3 Rh7
60. Rf4 h4 61. Rf5+ Kc6 62. Kb4 h3 63. Rf6+ Kb7 64. Rf1 h2 65. Rh1 Kc6 1/2-1/2

[Event "POLFINAL MISTRZOSTW POLSKI JUNIOROW 2019 - C17"]
[Site "Ustron"]
[Date "1899-12-30"]
[Round "5.10"]
[White "Rogala, Milosz"]
[Black "Lambrecht, Tomasz"]
[Result "1-0"]
[WhiteTitle "II+"]
[BlackTitle "I"]
[WhiteElo "1812"]
[BlackElo "1745"]

1. d4 Nf6 2. c4 c5 3. d5 e6 4. Nc3 exd5 5. Nxd5 d6 6. g3 Be6 7. Bg2 Nc6 8. Nh3
Nxd5 9. cxd5 Bxh3 10. Bxh3 Ne5 11. Qa4+ Nd7 12. O-O a6 13. Bf4 b5 14. Qe4+ Qe7
15. Bxd7+ Kxd7 16. Qf5+ Kd8 17. Bd2 g6 18. Qc2 Bg7 19. a4 b4 20. Rad1 Re8 21.
Rfe1 Qe5 22. b3 f5 23. Bf4 Qc3 24. Qb1 Kd7 25. Rd3 Qb2 26. Qd1 Re7 27. Bg5 Rf7
28. Rd2 Qe5 29. Bf4 Qe7 30. e4 fxe4 31. Rde2 Re8 32. Rxe4 Qxe4 33. Rxe4 Rxe4 34.
Qd3 Rd4 35. Qxa6 Rxd5 36. Qb5+ Ke7 37. a5 g5 38. Be3 Bd4 39. Bxd4 Rxd4 40. a6
Rd1+ 41. Kg2 Rd2 42. a7 Rfxf2+ 43. Kg1 Rg2+ 44. Kf1 Rdf2+ 45. Ke1 Ra2 46. Qb7+
Kf6 47. Qxg2 Rxg2 48. a8=Q Rxh2 49. Qd5 Rc2 50. Qxd6+ Kf7 51. Qe5 Rc3 52. Qxg5
Kf8 53. Qf6+ Ke8 54. Qe6+ Kf8 55. g4 Kg7 56. g5 Kf8 57. Kd2 Kg7 58. Qf6+ Kg8 59.
Qe7 1-0

[Event "POLFINAL MISTRZOSTW POLSKI JUNIOROW 2019 - C17"]
[Site "Ustron"]
[Date "1899-12-30"]
[Round "5.11"]
[White "Majocha, Piotr"]
[Black "Golinski, Kacper"]
[Result "1-0"]
[WhiteTitle "I++"]
[BlackTitle "I"]
[WhiteElo "1803"]
[BlackElo "1736"]

1. c4 Nf6 2. g3 c5 3. Bg2 e6 4. Nf3 Be7 5. O-O O-O 6. d4 d5 7. cxd5 exd5 8. Nc3
Nc6 9. dxc5 Bxc5 10. Bg5 d4 11. Ne4 Be7 12. Nxf6+ Bxf6 13. Bxf6 Qxf6 14. Qb3 Qe6
15. Qxe6 Bxe6 16. Rfd1 Rfd8 17. Rd2 f6 18. Ne1 Bd5 19. Nc2 Kf7 20. b3 Bxg2 21.
Kxg2 Rac8 22. Rad1 Ke7 23. Nxd4 Nxd4 24. Rxd4 Rxd4 25. Rxd4 Rc2 26. Ra4 a6 27.
Kf3 Rc7 28. Rc4 Rd7 29. e4 Kd8 30. Ke3 Ke7 31. f4 Ke6 32. a4 Ke7 33. Rb4 Ke6 34.
Rb6+ Ke7 35. g4 Kf7 36. e5 fxe5 37. fxe5 Ke7 38. Ke4 g6 39. g5 Rc7 40. Kd5 Rd7+
41. Rd6 Rc7 42. e6 Ke8 43. Rb6 Ke7 44. b4 Ke8 45. Kd6 Kd8 46. Ke5 Ke8 47. Kf6
Kf8 48. Rd6 Ke8 49. Rd7 Rc4 50. Rxh7 Rf4+ 51. Kxg6 Rxb4 52. a5 1-0

[Event "POLFINAL MISTRZOSTW POLSKI JUNIOROW 2019 - C17"]
[Site "Ustron"]
[Date "1899-12-30"]
[Round "5.12"]
[White "Grochowski, Michal"]
[Black "Skowron, Mateusz"]
[Result "0-1"]
[WhiteTitle "I"]
[BlackTitle "I"]
[WhiteElo "1778"]
[BlackElo "1582"]

1. c4 e5 2. g3 f5 3. Bg2 Nf6 4. Nc3 Nc6 5. d3 Bb4 6. Nf3 O-O 7. O-O Bxc3 8. bxc3
d6 9. Rb1 Qe8 10. Ne1 Qh5 11. Nc2 Ng4 12. h3 Nf6 13. e3 Qh6 14. f4 e4 15. d4 b6
16. Nb4 Na5 17. c5 dxc5 18. dxc5 Be6 19. Qa4 Qg6 20. Nc6 Nxc6 21. Qxc6 Bd5 22.
Qxc7 Rfc8 23. Qe5 Rxc5 24. Qd6 Qxg3 25. Rd1 Bxa2 26. Rb2 Bf7 27. Bd2 Rd5 28. Qa3
Rad8 29. Qa1 Bh5 30. Be1 Rxd1 31. Rb1 Qxe3+ 32. Kh2 Rxb1 33. Qxb1 Rd1 0-1

[Event "POLFINAL MISTRZOSTW POLSKI JUNIOROW 2019 - C17"]
[Site "Ustron"]
[Date "1899-12-30"]
[Round "5.13"]
[White "Grzegorski, Michal"]
[Black "Dytman, Radoslaw"]
[Result "0-1"]
[WhiteTitle "I"]
[BlackTitle "I"]
[WhiteElo "1747"]
[BlackElo "1758"]

1. e4 d5 2. exd5 Nf6 3. d4 Bg4 4. f3 Bf5 5. Bb5+ Nbd7 6. Nc3 a6 7. Ba4 b5 8. Bb3
Nb6 9. Nge2 Nfxd5 10. Nxd5 Nxd5 11. Ng3 Bc8 12. O-O e6 13. a4 b4 14. Nh5 Bb7 15.
Qe1 Nf6 16. Bg5 Qxd4+ 17. Kh1 Nxh5 18. Bxe6 Be7 19. Bd5 O-O-O 20. Bxb7+ Kxb7 21.
Bxe7 Rhe8 22. Qxb4+ Qxb4 23. Bxb4 Re2 24. g3 Rxc2 25. Bc3 Re8 26. Rae1 Ree2 27.
Rxe2 Rxe2 28. Kg1 Nf6 29. Rd1 Kc6 30. Rd4 Ne8 31. h4 f6 32. Kf1 Re6 33. Rd8 Nd6
34. Ra8 Kb7 35. Rg8 Re7 36. g4 Kb6 37. h5 h6 38. Kf2 Ne8 39. Kg3 c5 40. Kf4 Kc6
41. Kf5 Kd5 42. Kg6 Ke6 43. f4 Kd5 44. Rxe8 Rxe8 45. Kxg7 Re4 46. Bd2 Re2 47.
Ba5 Rg2 48. Kxf6 Rxg4 49. f5 Rg5 50. Bd2 Rxh5 51. Kg6 Rh2 52. Bc3 Rf2 53. f6 Ke6
54. Kxh6 Rxf6+ 55. Kg5 Rf2 56. b4 Rc2 57. Be1 cxb4 58. Bxb4 Rc4 59. Bf8 Rxa4 0-1

[Event "POLFINAL MISTRZOSTW POLSKI JUNIOROW 2019 - C17"]
[Site "Ustron"]
[Date "1899-12-30"]
[Round "5.14"]
[White "Wierzbicki, Michal"]
[Black "Szeliga, Sebastian"]
[Result "1-0"]
[WhiteTitle "I++"]
[BlackTitle "I"]
[WhiteElo "1969"]
[BlackElo "1473"]

1. d4 Nf6 2. Nf3 e6 3. c4 Bb4+ 4. Bd2 Qe7 5. a3 Bxd2+ 6. Qxd2 d6 7. Nc3 Nbd7 8.
e3 O-O 9. Be2 Re8 10. O-O e5 11. Qc2 Nf8 12. b4 Bg4 13. Rac1 Rac8 14. Rfd1 Ng6
15. dxe5 Nxe5 16. Nxe5 Qxe5 17. h3 Bxe2 18. Qxe2 Qf5 19. Rd4 a6 20. Qa2 h6 21.
Qb3 Qe6 22. Rcd1 Kf8 23. a4 Ra8 24. a5 Rab8 25. Nd5 Rec8 26. Nxf6 Qxf6 27. Qd3
Kg8 28. Rf4 Qe7 29. Qd5 Qe6 30. Qf3 Rf8 31. Rd5 Rbe8 32. Rdd4 c6 33. Qd1 Rd8 34.
Rfe4 Qf6 35. Qh5 Rfe8 36. Rf4 Qg6 37. Qxg6 fxg6 38. Rd2 Re6 39. Kf1 Rf6 40. Rfd4
Kf7 41. e4 Ke7 42. Ke2 Rff8 43. Ke3 Rf6 44. f4 Rff8 45. Rf2 Ke6 46. Rfd2 Ke7 47.
h4 h5 48. c5 d5 49. exd5 cxd5 50. Rxd5 Rxd5 51. Rxd5 Rf6 52. Ke4 Rc6 53. Re5+
Kd7 54. Kd5 Rf6 55. g3 Rc6 56. f5 Rf6 57. fxg6 Rxg6 58. Rg5 Rxg5+ 59. hxg5 g6
60. Ke5 Ke7 61. b5 1-0

[Event "POLFINAL MISTRZOSTW POLSKI JUNIOROW 2019 - C17"]
[Site "Ustron"]
[Date "1899-12-30"]
[Round "5.15"]
[White "Bojczewski, Mateusz"]
[Black "Kocierz, Pawel"]
[Result "1-0"]
[WhiteTitle "I+"]
[BlackTitle "II"]
[WhiteElo "1895"]
[BlackElo "1350"]

1. e4 c5 2. Nf3 g6 3. d4 cxd4 4. Nxd4 Bg7 5. Nc3 Nc6 6. Be3 Nf6 7. Nxc6 bxc6 8.
e5 Ng8 9. f4 Nh6 10. Bd3 d5 11. exd6 exd6 12. Qd2 O-O 13. O-O Ng4 14. Nd1 Re8
15. c3 c5 16. Bb5 Bd7 17. Bxd7 Qxd7 18. Bxc5 Rad8 19. Bd4 Bxd4+ 20. Qxd4 Re2 21.
Qd5 Rde8 22. Rc1 Qe7 23. Qf3 Re1 24. h3 Qh4 25. Nf2 Nxf2 26. Rcxe1 Rxe1 27. Qxf2
Rxf1+ 28. Kxf1 Qe7 29. Qd4 Qb7 30. c4 d5 31. cxd5 Qa6+ 32. Kf2 Qxa2 33. d6 Qa5
34. d7 Qd8 35. Qxa7 Kf8 36. Qc5+ Kg7 37. Qe5+ f6 38. Qd6 1-0

[Event "POLFINAL MISTRZOSTW POLSKI JUNIOROW 2019 - C17"]
[Site "Ustron"]
[Date "1899-12-30"]
[Round "5.16"]
[White "Drozdzal, Michal"]
[Black "Wloch, Mikolaj"]
[Result "0-1"]
[WhiteTitle "II+"]
[BlackTitle "I"]
[WhiteElo "1509"]
[BlackElo "1868"]

1. e4 c5 2. Nc3 d6 3. Bb5+ Bd7 4. Bxd7+ Nxd7 5. f4 Ngf6 6. d3 e6 7. Nf3 Be7 8.
O-O a6 9. Qe1 O-O 10. Qg3 b5 11. Bd2 c4 12. Rae1 b4 13. Ne2 Qb6+ 14. Kh1 cxd3
15. cxd3 Nc5 16. Nh4 Nfxe4 17. dxe4 Nxe4 18. Qd3 Nxd2 19. Qxd2 Bxh4 20. g3 Bf6
21. h4 Rac8 22. f5 e5 23. h5 h6 24. g4 Bg5 25. Qd3 Qe3 26. Qxe3 Bxe3 27. Ng3 Bf4
28. Ne4 d5 29. Nf2 Bg3 30. Kg2 Bxf2 31. Rxf2 f6 32. Rh1 Rc4 33. Kg3 Rfc8 34. g5
Rc2 35. gxf6 gxf6 36. Rg1 Kf7 37. Rxc2 Rxc2 38. Kf3 d4 39. Rg6 d3 40. Rxh6 e4+
41. Kxe4 d2 42. Rh7+ Ke8 43. Rh8+ Kd7 44. Rh7+ Kc6 0-1

[Event "POLFINAL MISTRZOSTW POLSKI JUNIOROW 2019 - C17"]
[Site "Ustron"]
[Date "1899-12-30"]
[Round "5.17"]
[White "Gazda, Dominik"]
[Black "Zolkiewski, Jakub"]
[Result "1-0"]
[WhiteTitle "I"]
[BlackTitle "I"]
[WhiteElo "1640"]
[BlackElo "1752"]

1. e4 e6 2. d3 d5 3. Nd2 Nf6 4. Ngf3 c5 5. g3 Nc6 6. Bg2 Be7 7. O-O O-O 8. e5 Nd7
9. Re1 f6 10. exf6 Nxf6 11. Bh3 e5 12. Bxc8 Qxc8 13. Nxe5 Nxe5 14. Rxe5 Bd6 15.
Re1 Ng4 16. f4 g5 17. Qf3 Qf5 18. Nf1 gxf4 19. Bxf4 Bxf4 20. gxf4 Rad8 21. Ng3
Qxf4 22. Qxf4 Rxf4 23. Re7 Rf7 24. Rae1 Kf8 25. R7e6 Rf6 26. R6e2 Rg6 27. Re7
Nf6 28. Rxb7 Rd7 29. Rb5 Rc7 30. Kh1 Rg5 31. Rf1 Kf7 32. Ra5 Re5 33. Ra6 Re6 34.
Ra4 Kg6 35. Raf4 a6 36. Rg1 Kf7 37. Nh5 Rcc6 38. Rgf1 Kg6 39. Nxf6 Rxf6 40. Rxf6+
Rxf6 41. Rxf6+ Kxf6 42. Kg2 Ke5 43. Kf3 h5 44. Kg3 Kf5 45. Kh4 Kg6 46. d4 cxd4
47. b4 Kf5 48. a4 Ke5 49. Kxh5 1-0

[Event "POLFINAL MISTRZOSTW POLSKI JUNIOROW 2019 - C17"]
[Site "Ustron"]
[Date "1899-12-30"]
[Round "5.18"]
[White "Tomkowicz, Kamil"]
[Black "Drygas, Wojciech"]
[Result "1-0"]
[WhiteTitle "I"]
[BlackTitle "II"]
[WhiteElo "1616"]
[BlackElo "1477"]

1. Nf3 Nf6 2. c4 e6 3. Nc3 Bb4 4. Qc2 d5 5. a3 Bxc3 6. Qxc3 c6 7. e3 O-O 8. b4
Re8 9. Bb2 Nbd7 10. d4 Ne4 11. Qc2 Ndf6 12. Bd3 Bd7 13. Ne5 b5 14. c5 h6 15. f3
Ng5 16. h4 Ngh7 17. g4 Qe7 18. g5 hxg5 19. hxg5 Nxg5 20. Qh2 Kf8 21. Qh8+ Ng8
22. Bh7 Nxf3+ 23. Nxf3 Qf6 24. Ke2 Ke7 25. Bxg8 Qg6 26. Qh4+ 1-0

[Event "POLFINAL MISTRZOSTW POLSKI JUNIOROW 2019 - C17"]
[Site "Ustron"]
[Date "1899-12-30"]
[Round "5.20"]
[White "Wilgosz, Jan"]
[Black "Kucza, Arkadiusz"]
[Result "1-0"]
[WhiteTitle "II"]
[BlackTitle "II"]
[WhiteElo "1477"]
[BlackElo "1384"]

1. e4 e5 2. Nf3 Nc6 3. Bb5 d6 4. d4 exd4 5. Nxd4 Bd7 6. Nxc6 Bxc6 7. Bxc6+ bxc6
8. c4 Nf6 9. Nc3 Be7 10. O-O O-O 11. Qf3 Qd7 12. b3 Ne8 13. Bb2 f5 14. Qh3 Rd8
15. Rad1 fxe4 16. Qxd7 Rxd7 17. Nxe4 Bf6 18. Nxf6+ Nxf6 19. Rfe1 c5 20. Re3 Rdf7
21. Bxf6 Rxf6 22. f3 g6 23. Rde1 Kg7 24. Re7+ R6f7 25. Kf2 h5 26. R1e4 g5 27.
Ke3 c6 28. R4e6 Rd8 29. Rxf7+ Kxf7 30. Rh6 h4 31. Rh7+ Ke6 32. Rxa7 d5 33. cxd5+
cxd5 34. Ra6+ Ke5 35. Ra5 Kd6 36. Kd3 Rf8 37. Ra6+ Kd7 38. Rg6 Rf5 39. Ke3 Re5+
40. Kd2 Rf5 41. h3 Kc7 42. a4 Kb7 43. Kd3 Re5 44. a5 Ka7 45. a6 Rf5 46. Rc6 Re5
47. Rxc5 Kxa6 48. Rc2 Kb5 49. Kd4 Re1 50. Rc5+ Kb4 51. Rxd5 Rd1+ 52. Ke5 Re1+
53. Kf6 g4 54. Rd4+ Kxb3 55. Rxg4 Re2 56. Kg5 1-0

[Event "POLFINAL MISTRZOSTW POLSKI JUNIOROW 2019 - C17"]
[Site "Ustron"]
[Date "1899-12-30"]
[Round "5.21"]
[White "Rudzinski, Damian"]
[Black "Bienias, Michal"]
[Result "0-1"]
[WhiteTitle "II"]
[BlackTitle "III"]
[WhiteElo "1015"]
[BlackElo "1285"]

1. e4 e5 2. f4 exf4 3. Bc4 Qh4+ 4. Kf1 Bc5 5. d4 Bb6 6. Nf3 Qh5 7. Bxf4 Nc6 8.
Nc3 Nf6 9. Be3 Ng4 10. Qe2 O-O 11. a3 d6 12. Nd5 Be6 13. Bb3 Rae8 14. Nxb6 Bxb3
15. cxb3 Rxe4 16. Nd5 Rfe8 17. Nc3 Nxe3+ 18. Kg1 Rg4 19. g3 f5 20. Qf2 f4 21.
Re1 Nf5 22. Ne2 fxg3 23. hxg3 Qg6 24. Rh3 Rf8 25. Kh2 Nfxd4 26. Nf4 Nxf3+ 27.
Qxf3 Qg5 28. Qd3 Qf5 29. Qc4+ Qf7 30. Qd3 g6 31. Qe2 Ne5 32. Kh1 Qxb3 33. Rg1
Qf3+ 34. Qxf3 Nxf3 35. Rc1 c6 36. Rc3 Rfxf4 0-1